Normal view
MARC view
Entry Personal Name
001 - CONTROL NUMBER
- control field: 618021
003 - CONTROL NUMBER IDENTIFIER
- control field: OSt
005 - DATE AND TIME OF LATEST TRANSACTION
- control field: 20221005093009.0
008 - FIXED-LENGTH DATA ELEMENTS
- fixed length control field: 221005|| aca||aabn | a|a d
040 ## - CATALOGING SOURCE
- Original cataloging agency: OSt
- Transcribing agency: OSt
100 ## - HEADING--PERSONAL NAME
- Personal name: Woodrum Pat Ed
670 ## - SOURCE DATA FOUND
- Source citation: Work cat.: (OSt)999685: Woodrum Pat Ed, Managing public libraries in the 21st century, 1989
